000 00993nam a2200217 a 4500
001 48798
005 20180714033232.0
008 140415s2004 ck 000 0 spa d
020 _a9580483655
041 _aspa
082 _a291.4
_bDOV
100 1 _aDOVE, PRAGITO
245 1 0 _aMEDITACION EFICAZ PARA GENTE OCUPADA
250 _a1a ed.
260 _aCOLOMBIA :
_bNORMA,
_c2004
300 _a138
_c14 x 1.6 x 20.9
520 _aEN ESTE LIBRO, PRAGITO DOVE, QUE FUE DISCIPULA DE OSHO DESCRIBE UNA AMPLIA GAMA DE TECNICAS DE MEDITACION Y RELAJACION QUE HA APRENDIDO Y ENSEÑADO DURANTE LOS ULTIMOS VEINTIDOS AÑOS. NO OBEDECEN A UNA UNICA TRADICION, PUES REUNEN TODOAS LAS TRADICIONES QUE LA AUTORA HA ESTUDIADO, ORIENTALES Y OCCIDENTALES Y SE PRESENTAN PARA EXPERIMENTAR Y ESCOJER LAS QUE MAS SE ACOPLEN A UN ESTILO DE VIDA.
650 1 4 _aESPIRITUALIDAD
_xMEDITACIONES
_xVIDA ESPIRITUAL
700 1 _aCAMACHO KOPPEL, ROSARIO
_etr.
740 _aLUNCHTIME ENLIGHTENMENT
999 _c48798
_d48798